000 00653nam a22002297a 4500
005 20251001085247.0
020 _a9966723773
_cTZS 17,797.07
040 _aMCCL
_beng
_eAACR 2nd rev. ed.
082 _a346.676204 ONA
100 _aOnalo, P. L.
245 _aLand law and conveyancing in Kenya
_c/ P. L. Onalo
260 _aNairobi :
_bHeinemann Kenya,
_cc1986.
300 _axii, 298 p. ;
_c23 cm.
440 _aHeinemann law books
504 _aIncludes Bibliographical reference and index
546 _aeng.
650 _aLand law
650 _aConveyancing
_bKenya.
650 _aReal property
_bKenya.
700 _aOnalo, P. L.
942 _cBK
999 _c11455
_d11455